000 00576nam a2200205Ia 4500
005 20250923144708.0
008 008 250917s9999 xx 000 0 eng d
037 _aTextual
040 _aDSWL
_beng
_cDSWL
041 _aeng
_2eng
084 _aY1:R17, N60
_qDSWL
100 _aGibson, Quentin
_9827476
245 0 _aLogic of the social enquiry
_cby Quentin Gibson
260 _aLondon
_b Routledge and Kegan Paul
_c1960
300 _ax,214p.
365 _aINR
_b24
925 _g24
942 _cTEXL
_hY1:R17, N60
999 _c1442168
_d1442168